| 000 | 00710 a2200217 4500 | ||
|---|---|---|---|
| 003 | UA-OsUOA | ||
| 005 | 20250403150516.0 | ||
| 008 | 250403b un ||||| |||| 00| 0 ukr d | ||
| 020 | _a9786177609628 | ||
| 040 |
_bukr _cUA-OsUOA |
||
| 080 | _a82-1 | ||
| 090 |
_a82-1 _bШ67 |
||
| 100 |
_aШкуліпа А. _919615 |
||
| 245 |
_aНавпроти _bвірші, поеми _cАнатолій Шкуліпа |
||
| 260 |
_aНіжин _bОрхідея _c2022 |
||
| 300 | _a454 с. | ||
| 650 | _a82-1 Поезія. Поеми. Вірші | ||
| 942 |
_cBK _2udc |
||
| 955 | _a3 | ||
| 999 |
_c578441 _d578441 |
||